Natividad Gutiérrez Chong, ed., Women, ethnicity and nationlalisms en Latin América
Guardado en:
| Format: | Texto |
|---|---|
| Tags: |
Tilføj Tag
Ingen Tags, Vær først til at tagge denne postø!
|
MARC
| LEADER | 00000 a a2200000 04500 | ||
|---|---|---|---|
| 001 | 8849 | ||
| 003 | |||
| 040 | |||
| 245 | |a Natividad Gutiérrez Chong, ed., Women, ethnicity and nationlalisms en Latin América | ||
| 773 | |g volumen 23, número 5; páginas 710-714 | ||
| 999 | |c 34547 |d 34547 | ||
